banner-ar

LIGHT YEARS: THE PHOTOGRAPHS OF MORLEY BAER / (Record no. 19317)

MARC details
000 -الفاتح
حقل البيانات ثابتة الطول 00492nam a2200169Ia 4500
008 - عناصر البيانات ثابتة الطول - معلومات عامة
حقل البيانات ثابتة الطول 140319s9999 xx 000 0 eng d
040 ## - مصدر الفهرسة
وكالة الفهرسة الأصلية GCL /
وكالة النسخ GCL
082 04 - رقم تصنيف ديوى العشرى
رقم التصنيف 779.36
رقم المادة P L
100 1# - المدخل الرئيسى - إسم شخصى
الإسم الشخصى PHOTOEJRAPHY WEST GRAPHICS CARMET
245 10 - بيان العنوان
العنوان LIGHT YEARS: THE PHOTOGRAPHS OF MORLEY BAER /
بيان المسئوليه,etc PHOTOEJRAPHY WEST GRAPHICS CARMET
260 ## - PUBLICATION, DISTRIBUTION, ETC. (IMPRINT)
تاريخ النشر أو التوزيع 1988
300 ## - الوصف المادى
التعداد 250 P
650 04 - المدخل الاضافى بالموضوع-مصطلح موضوعى
مصطلح موضوعي ARTS
650 04 - المدخل الاضافى بالموضوع-مصطلح موضوعى
مصطلح موضوعي PHOTOGRAPHY
942 ## - عناصر المدخل الإضافي( كوها)
مصدر التصنيف او مخطط الترفيف Dewey Decimal Classification
Koha [default] item type كتاب
260 ## - PUBLICATION, DISTRIBUTION, ETC. (IMPRINT)
-- [S.N] :
-- POTOGRAPHY WEST GRAPHICS. CARMEL ،
Holdings
حالة التراجع حالة الفقد حالة تلف ليس للاعارة المكان المؤقت الموقع الحالى تاريخ الاكتساب اجمالي اﻻعارات رقم الطلب الباركود تاريخ اخر مشاهدة تاريخ تفعيل السعر نوع وعاء كوها
        مكتبة القاهرة الكبرى مكتبة القاهرة الكبرى 03/26/2014   779.36\P L 36891 10/17/2022 03/26/2014 كتاب

Powered By

EGPV